Столетие открытий в биографиях замечательных мореплавателей и завоевателей XV-XVI века (Запись № 6194316)

Подробности
000 -МАРКЕР
контрольное поле 02496nam0a22004451 4500
001 - ИДЕНТИФИКАТОР ЗАПИСИ
контрольное поле v19\rc\1895196
005 - ИДЕНТИФИКАТОР ВЕРСИИ
контрольное поле 20260405224146.0
035 ## - ДРУГИЕ СИСТЕМНЫЕ НОМЕРА
Идентификатор записи (NLR Aleph) 004981933
100 ## - ДАННЫЕ ОБЩЕЙ ОБРАБОТКИ
Данные общей обработки 20080221d1911 u y0rusy50 ca
101 0# - ЯЗЫК РЕСУРСА
Язык текста, звукозаписи и т.д. русский
102 ## - СТРАНА ПУБЛИКАЦИИ ИЛИ ПРОИЗВОДСТВА
Страна публикации Российская Федерация
105 ## - ПОЛЕ КОДИРОВАННЫХ ДАННЫХ: ТЕКСТОВЫЕ МАТЕРИАЛЫ, МОНОГРАФИЧЕСКИЕ
Кодированные данные о монографическом текстовом документе ab z 000yb
135 ## - ПОЛЕ КОДИРОВАННЫХ ДАННЫХ: ЭЛЕКТРОННЫЕ РЕСУРСЫ
Кодированные данные для электронного ресурса crcn 024aaaba
200 1# - ЗАГЛАВИЕ И СВЕДЕНИЯ ОБ ОТВЕТСТВЕННОСТИ
Основное заглавие Столетие открытий в биографиях замечательных мореплавателей и завоевателей XV-XVI века
Сведения, относящиеся к заглавию составлено по проф. Шотту и другим
-- с 70 рисунками и картой путешествий
Первые сведения об ответственности Э. Гранстрем
205 ## - СВЕДЕНИЯ ОБ ИЗДАНИИ
Сведения об издании 3-е изд.
210 ## - ПУБЛИКАЦИЯ, РАСПРОСТРАНЕНИЕ И ДР.
Место издания, распространения и т.д. Санкт-Петербург
Имя издателя, распространителя и т. д. типо-литография К. Биркенфельда
Дата издания, распространения и т.д. [1911]
215 ## - ФИЗИЧЕСКАЯ ХАРАКТЕРИСТИКА
Специфическое обозначение материала и объем [2], 294 с., [2] л. ил., карт.
Другие сведения о физической характеристике ил., портр.
Размеры 23
317 ## - ПРИМЕЧАНИЯ О ПРОИСХОЖДЕНИИ ЭКЗЕМПЛЯРА
Текст примечания Имеется также в Гос. лит. музее «XX век» в мемориальной б-ке М. М. Зощенко © СПбГБУК «Государственный литературный музей «XX век»
Организация и экземпляр, к которому относится поле ГЛМ «XX век»
325 ## - ПРИМЕЧАНИЕ О КОПИИ
Текст примечания Электронная копия издания представлена фрагментарно из фонда Государственного литературного музея «ХХ век»
606 1# - НАИМЕНОВАНИЕ ТЕМЫ КАК ПРЕДМЕТ
Наименование темы Мореплаватели
Хронологический подзаголовок 15 - 16 вв.
Системный номер авторитетной/нормативной записи 2588075
Идентификатор авторитетной/нормативной записи RU\NLR\AUTH\6601739652
606 1# - НАИМЕНОВАНИЕ ТЕМЫ КАК ПРЕДМЕТ
Наименование темы Морские путешествия
Системный номер авторитетной/нормативной записи 1039814
Идентификатор авторитетной/нормативной записи RU\NLR\AUTH\6682304
606 1# - НАИМЕНОВАНИЕ ТЕМЫ КАК ПРЕДМЕТ
Наименование темы Всеобщая история
Тематический подзаголовок Деятели
Хронологический подзаголовок 15 - 16 вв.
Системный номер авторитетной/нормативной записи 2588103
Идентификатор авторитетной/нормативной записи RU\NLR\AUTH\6601739666
686 3# - ИНДЕКСЫ ДРУГИХ КЛАССИФИКАЦИЙ
Индекс Д8д
686 3# - ИНДЕКСЫ ДРУГИХ КЛАССИФИКАЦИЙ
Индекс Т3(0)4-8
700 #1 - ИМЯ ЛИЦА - ПЕРВИЧНАЯ ОТВЕТСТВЕННОСТЬ
Графика поля Кириллица
Материалы, к которым относится поле rus
Начальный элемент ввода Гранстрем
Часть имени, кроме начального элемента ввода Э. А.
Дополнения к именам, кроме дат писатель
Даты 1843-1918
Расширение инициалов личного имени Эдуард Андреевич
Системный номер авторитетной/нормативной записи 85197
Идентификатор авторитетной/нормативной записи RU\NLR\AUTH\77102271
702 #1 - ИМЯ ЛИЦА - ВТОРИЧНАЯ ОТВЕТСТВЕННОСТЬ
Код отношения Библиографический предшественник
Графика поля Кириллица
Материалы, к которым относится поле rus
Начальный элемент ввода Шотт
Часть имени, кроме начального элемента ввода П. Г.
Даты 1866-1961
Расширение инициалов личного имени Пауль Герхард
Системный номер авторитетной/нормативной записи 267853
Идентификатор авторитетной/нормативной записи RU\NLR\AUTH\770267909
801 #0 - ИСТОЧНИК ЗАПИСИ
Страна Российская Федерация
Организация NLR
Правила каталогизации psbo
801 #1 - ИСТОЧНИК ЗАПИСИ
Страна Российская Федерация
Организация ProSoft-M
Источник данных rusmarc
852 ## - МЕСТОНАХОЖДЕНИЕ И ШИФР ХРАНЕНИЯ
Идентификатор организации NLR
Шифр хранения (Call Number) Г02 Б-5/11
856 #0 - МЕСТОНАХОЖДЕНИЕ ЭЛЕКТРОННЫХ РЕСУРОВ И ДОСТУП К НИМ
Универсальный идентификатор ресурса (Uniform Resource Identifier) https://vivaldi.nlr.ru/ob000000409/view
856 #1 - МЕСТОНАХОЖДЕНИЕ ЭЛЕКТРОННЫХ РЕСУРОВ И ДОСТУП К НИМ
Универсальный идентификатор ресурса (Uniform Resource Identifier) https://vivaldi.nlr.ru/ob000000409/cover
856 #2 - МЕСТОНАХОЖДЕНИЕ ЭЛЕКТРОННЫХ РЕСУРОВ И ДОСТУП К НИМ
Универсальный идентификатор ресурса (Uniform Resource Identifier) https://vivaldi.nlr.ru/ob000000409/text
899 ## - ДАННЫЕ О МЕСТОНАХОЖДЕНИИ (устаревшее)
Местонахождение ГЛМ «XX век»
-- (Зощенко)
942 ## - ДОПОЛНИТЕЛЬНЫЕ ЭЛЕМЕНТЫ ЗАПИСИ (АБИС)
Тип экземпляра АБИС Книга
980 ## - КОЛЛЕКЦИЯ
Название коллекции Национальная библиография
981 47 - КОЛЛЕКЦИЯ ЭЛЕКТРОННОЙ БИБЛИОТЕКИ
Название коллекции
Экземпляры
Тип экземпляра Дата поступления Библиотека постоянного хранения Библиотека текущего хранения Место хранения Шифр хранения Штрих-код Статус экземпляра
Книга 26.10.2013 РНБ (Садовая) РНБ (Садовая) Русский книжный фонд -Главное здание, Ленинский читальный зал Г02 Б-5/11 4981933-10